| 000 | 00590nam a2200169Ia 4500 | ||
|---|---|---|---|
| 008 | 151213s9999 xx 000 0 und d | ||
| 020 | _a984-455322-9 | ||
| 100 | _aসালেহা চেীধুরী | ||
| 245 |
_aদেয়ালে ক্যাককটাস ফুল। _cসালেহা চেীধুরী |
||
| 250 | _a১ম সং | ||
| 260 |
_aঢাকা _bশিল্পতরু প্রকাশনী। _c2001 |
||
| 300 | _a4442 p. | ||
| 650 | _aBangla | ||
| 650 | _aকবিতা | ||
| 700 | _aসালেহা চেীধুরী | ||
| 999 |
_c2817 _d2817 |
||